| 000 | 00933cab a2200241 4500 | ||
|---|---|---|---|
| 001 | ABS44952 | ||
| 008 | 090401t1991 xxu||||| |||| 00| 0 eng d | ||
| 035 | _a(Sirsi) u50031 | ||
| 041 | _aeng | ||
| 245 | _aCentrefolio: South Hampshire | ||
| 260 | _c1991 | ||
| 350 | _a0 | ||
| 490 |
_aChartered Surveyor Weekly _v36(3) 18 July 1991, 33-61(13) |
||
| 520 | _aFeatures the office, retail and industrial markets in Southampton Portsmouth and Eastleigh. Facts and figures provides statistical data. Profiles several companies recalling their experiences of moving from town centre to out-of-town locations. Concludes with an assessment of space qualities in the Solent Business Park. | ||
| 650 | _aBUILDING FILE SERIES | ||
| 650 | _aHAMPSHIRE | ||
| 650 | _aM27 | ||
| 650 | _aPLANNING POLICY | ||
| 650 | _aTRANSPORT | ||
| 690 | _aPROPERTY-COMMERCIAL PROPERTY-COMMERCIAL PROPERTY MARKET | ||
| 942 | _n0 | ||
| 948 | _c04/03/1997 | ||
| 999 |
_c31279 _d31279 |
||